| 000 | 00509nam a2200193Ia 4500 | ||
|---|---|---|---|
| 005 | 20250326141248.0 | ||
| 008 | 250326s9999 xx 000 0 und d | ||
| 020 | _a81-85618-40-2 | ||
| 037 | _aTextbook | ||
| 040 |
_aFMSL _beng _cFMSL |
||
| 041 |
_aeng _2eng |
||
| 084 |
_aX651 N3 _qFMSL |
||
| 100 |
_aPratten C _9347019 |
||
| 245 | 4 |
_aThe stock market _cPratten C |
|
| 260 |
_aNew Delhi _bNew Delhi, Cambridge _c1993 |
||
| 300 | _a226p | ||
| 942 |
_cTB _hX651 N3 |
||
| 999 |
_c1289490 _d1289490 |
||